Los Actores de petrópolis-Tecnópolis : ¿experiencia de desarrollo endógeno basada en nuevas tecnologías? /
El proyecto Tecnópolis-Petrópolis es una experiencia de desarrollo local realizada en Río de Janeiro, Brasil, cuyo objetivo es crear una tecnópolis especializada en tecnologías de información y computación. Su particularidad es que involucra a la comunidad local en dicho desarrollo. Existe el recono...
Salvato in:
| Autore principale: | |
|---|---|
| Altri autori: | |
| Natura: | testo |
| Soggetti: | |
| Tags: |
Aggiungi Tag
Nessun Tag, puoi essere il primo ad aggiungerne!!
|
MARC
| LEADER | 00000 a a2200000 04500 | ||
|---|---|---|---|
| 001 | 12994 | ||
| 003 | |||
| 040 | |||
| 100 | |a Schiavo, Ester | ||
| 245 | |a Los Actores de petrópolis-Tecnópolis : |b ¿experiencia de desarrollo endógeno basada en nuevas tecnologías? / |c Ester Schiavo | ||
| 500 | |a Resumen también en Inglés, Francés, Portugués%Resultados del proyectoResumen también en Inglés, Francés, Portugués%Resultados del proyecto | ||
| 520 | |a El proyecto Tecnópolis-Petrópolis es una experiencia de desarrollo local realizada en Río de Janeiro, Brasil, cuyo objetivo es crear una tecnópolis especializada en tecnologías de información y computación. Su particularidad es que involucra a la comunidad local en dicho desarrollo. Existe el reconocimiento explícito de los actores locales respecto de la fuerte identidad local y la valoración de la actividad empresarial. Por eso, los pilares de este proyecto son la difusión social de Internet y la capacitación de actores empresariales y ciudadanía, factores que potencian el desarrollo empresarial y elevan el nivel de vida de la ciudadanía en su conjunto. Por lo tanto, el trabajo analiza esta experiencia con base en la teoría del desarrollo endógeno local | ||
| 650 | |a DESARROLLO REGIONAL | ||
| 650 | |a PAISES EN DESARROLLO | ||
| 650 | |a TECNOLOGIA AVANZADA | ||
| 650 | |a TECNOLOGIA DE LA INFORMACION | ||
| 650 | |a NUEVA TECNOLOGIA | ||
| 650 | |a CAMBIO TECNOLOGICO | ||
| 650 | |a POLITICA GUBERNAMENTAL | ||
| 650 | |a GLOBALIZACION | ||
| 650 | |a PARTICIPACION COMUNITARIA | ||
| 650 | |a POTENCIAL DE DESARROLLO | ||
| 650 | |a POLITICA DE CIENCIA Y TECNOLOGIA | ||
| 700 | |a Dabat, Germán | ||
| 773 | |g volumen 35, número 139; páginas 209-231 | ||
| 999 | |c 28327 |d 28327 | ||
